[Event "FIDE Women World Blitz 2021"]
[Site "Warsaw"]
[Date "2021.12.30"]
[Round "16.31"]
[White "Nomin-Erdene, Davaademberel"]
[Black "Kurmangaliyeva, Liya"]
[Result "1-0"]
[WhiteElo "2188"]
[BlackElo "2222"]
[Annotator "NA"]
[PlyCount "63"]
[EventDate "2021.12.29"]
[EventType "swiss"]
[EventCountry "POL"]
[Tiebreak "Cut1 Buchholz"]
[SourceTitle "playchess.com"]
[Source "ChessBase"]
[SourceQuality "1"]

1. e4 c5 2. Nf3 Nc6 3. d4 cxd4 4. Nxd4 Nf6 5. Nc3 e5 6. Ndb5 d6 7. Bg5 a6 8.
Na3 b5 9. Nd5 Be7 10. Bxf6 Bxf6 11. c4 b4 12. Nc2 O-O 13. g3 a5 14. Bg2 Be6 15.
O-O Bxd5 16. Qxd5 Qb6 17. Qd3 a4 18. b3 Qc5 19. Ne3 Nd4 20. Nd5 Bg5 21. Kh1
axb3 22. axb3 Nc6 23. f4 exf4 24. gxf4 Bh6 25. Qg3 Qd4 26. Rad1 Qc5 27. Ne3 Kh8
28. Rd5 Qb6 29. Nf5 Nd8 30. Rxd6 Qc7 31. Rxh6 Ne6 32. Qh4 1-0

[Event "FIDE Women World Blitz 2021"]
[Site "Warsaw"]
[Date "2021.12.30"]
[Round "16.32"]
[White "Sandu, Mihaela"]
[Black "Dylag, Emilia"]
[Result "1-0"]
[WhiteElo "2244"]
[BlackElo "1863"]
[Annotator "NA"]
[PlyCount "59"]
[EventDate "2021.12.29"]
[EventType "swiss"]
[EventCountry "POL"]
[Tiebreak "Cut1 Buchholz"]
[SourceTitle "playchess.com"]
[Source "ChessBase"]
[SourceQuality "1"]

1. e4 c5 2. Nf3 d6 3. d4 cxd4 4. Nxd4 Nf6 5. Nc3 a6 6. Be2 e5 7. Nb3 Be6 8. O-O
Be7 9. Be3 O-O 10. a4 Nc6 11. f3 Nb4 12. a5 d5 13. Bb6 Qd7 14. exd5 Nbxd5 15.
Nxd5 Nxd5 16. Nc5 Bxc5+ 17. Bxc5 Rfd8 18. Bd3 Rac8 19. Bf2 Nf4 20. Qe1 Nxd3 21.
cxd3 Qb5 22. Rc1 Rxc1 23. Qxc1 Qxd3 24. Qc7 Qd6 25. Qxb7 Rb8 26. Qa7 Bc4 27.
Re1 Bb5 28. Bc5 Qd8 29. Bb6 Qd6 30. Bc7 1-0

[Event "FIDE Women World Blitz 2021"]
[Site "Warsaw"]
[Date "2021.12.30"]
[Round "16.33"]
[White "Yakimova, Mariya"]
[Black "Ovod, Evgenija"]
[Result "0-1"]
[WhiteElo "2219"]
[BlackElo "2366"]
[Annotator "NA"]
[PlyCount "82"]
[EventDate "2021.12.29"]
[EventType "swiss"]
[EventCountry "POL"]
[Tiebreak "Cut1 Buchholz"]
[SourceTitle "playchess.com"]
[Source "ChessBase"]
[SourceQuality "1"]

1. d4 d5 2. c4 e6 3. Nf3 Nf6 4. g3 Be7 5. Bg2 O-O 6. O-O dxc4 7. Qc2 a6 8. a4
Bd7 9. Rd1 Bc6 10. Bg5 Nbd7 11. Qxc4 h6 12. Bxf6 Nxf6 13. Nc3 a5 14. Ne5 Bxg2
15. Kxg2 Nd5 16. e4 Nb4 17. Rac1 c6 18. Ne2 Qc7 19. Nf4 Bg5 20. Rc3 Rad8 21. h4
Bxf4 22. gxf4 Qe7 23. Rh1 Qf6 24. Rf3 Rd6 25. f5 exf5 26. Rxf5 Qe6 27. Qc3 f6
28. Qf3 Rxd4 29. Re1 Re8 30. Ng4 Rxe4 31. Rg1 Kh8 32. Kh1 Nd5 33. Rh5 Rf4 34.
Qg2 Qe4 35. Nxh6 Rxh4+ 36. Rxh4 Qxh4+ 37. Qh2 Qxh2+ 38. Kxh2 gxh6 39. Rg6 Kh7
40. Rg3 Re4 41. Rb3 Rb4 0-1

[Event "FIDE Women World Blitz 2021"]
[Site "Warsaw"]
[Date "2021.12.30"]
[Round "16.34"]
[White "Gaboyan, Susanna"]
[Black "Cyfka, Karina"]
[Result "1-0"]
[WhiteElo "2253"]
[BlackElo "2416"]
[Annotator "NA"]
[PlyCount "87"]
[EventDate "2021.12.29"]
[EventType "swiss"]
[EventCountry "POL"]
[Tiebreak "Cut1 Buchholz"]
[SourceTitle "playchess.com"]
[Source "ChessBase"]
[SourceQuality "1"]

1. Nf3 Nf6 2. g3 d5 3. Bg2 Nbd7 4. d4 Nb6 5. O-O Bf5 6. b3 c6 7. Bb2 e6 8. Nbd2
h6 9. c4 Be7 10. Ne5 O-O 11. Re1 Bb4 12. a3 Bxd2 13. Qxd2 Nfd7 14. Nxd7 Qxd7
15. Rac1 Rad8 16. e4 Bg6 17. a4 dxc4 18. a5 Nc8 19. bxc4 b6 20. d5 f6 21. Bh3
Qe7 22. Qc3 cxd5 23. exd5 e5 24. Bxc8 Rxc8 25. Ba3 Qd7 26. Bxf8 Rxf8 27. axb6
axb6 28. Qb4 Qh3 29. Qxb6 Bf5 30. Qe3 Ra8 31. Qf3 Bg4 32. Qg2 Qh5 33. Re3 f5
34. d6 Rd8 35. c5 f4 36. Rd3 f3 37. Qf1 Bf5 38. Rd2 Bh3 39. Qe1 Be6 40. c6 Qh3
41. Qf1 Qh5 42. c7 Rf8 43. d7 Bxd7 44. Rxd7 1-0

[Event "FIDE Women World Blitz 2021"]
[Site "Warsaw"]
[Date "2021.12.30"]
[Round "16.35"]
[White "Bulmaga, Irina"]
[Black "Wikar, Martyna"]
[Result "1-0"]
[WhiteElo "2405"]
[BlackElo "1899"]
[Annotator "NA"]
[PlyCount "97"]
[EventDate "2021.12.29"]
[EventType "swiss"]
[EventCountry "POL"]
[Tiebreak "Cut1 Buchholz"]
[SourceTitle "playchess.com"]
[Source "ChessBase"]
[SourceQuality "1"]

1. e4 c5 2. Be2 Nc6 3. f4 g6 4. Nf3 Bg7 5. O-O e6 6. c3 Nge7 7. d4 cxd4 8. cxd4
d5 9. e5 O-O 10. Be3 Qb6 11. Qd2 f6 12. Nc3 fxe5 13. dxe5 Qd8 14. Rad1 Nf5 15.
Bf2 b6 16. g4 Nfe7 17. Be3 Bb7 18. Nb5 Nc8 19. Nbd4 Nxd4 20. Nxd4 Re8 21. Bf3
Qd7 22. Bf2 Ne7 23. Be2 Nc6 24. Bb5 Nxd4 25. Bxd7 Nf3+ 26. Kg2 Nxd2 27. Rxd2
Re7 28. Bb5 Rc8 29. Bd4 Bh6 30. Kg3 a6 31. Bd3 b5 32. h4 Rf7 33. Rdf2 Bf8 34.
f5 gxf5 35. gxf5 Bc5 36. Bxc5 Rxc5 37. fxe6 Rxf2 38. Rxf2 Rc7 39. Kf4 Bc8 40.
Rg2+ Kf8 41. Bf5 Re7 42. Rc2 Bb7 43. Kg5 a5 44. Kf6 b4 45. h5 d4 46. Rd2 Rc7
47. Rxd4 Bc6 48. Rc4 a4 49. Be4 1-0

[Event "FIDE Women World Blitz 2021"]
[Site "Warsaw"]
[Date "2021.12.30"]
[Round "16.36"]
[White "Antolak, Julia"]
[Black "Efroimski, Marsel"]
[Result "1-0"]
[WhiteElo "2334"]
[BlackElo "2419"]
[Annotator "NA"]
[PlyCount "73"]
[EventDate "2021.12.29"]
[EventType "swiss"]
[EventCountry "POL"]
[Tiebreak "Cut1 Buchholz"]
[SourceTitle "playchess.com"]
[Source "ChessBase"]
[SourceQuality "1"]

1. e4 c5 2. Nc3 d6 3. d4 cxd4 4. Qxd4 Nc6 5. Qd2 g6 6. b3 Bg7 7. Bb2 Nf6 8.
O-O-O O-O 9. Kb1 a5 10. a4 Ng4 11. f3 Nge5 12. h4 h5 13. Nh3 Nb4 14. Ng5 Bh6
15. f4 Ng4 16. Bc4 Bg7 17. Rhf1 Nc6 18. f5 gxf5 19. exf5 Nce5 20. Bd5 Ra6 21.
Nce4 Kh8 22. Ng3 Nf6 23. Bxe5 dxe5 24. Nxf7+ Rxf7 25. Bxf7 Rd6 26. Qe2 Qf8 27.
Bc4 Ng4 28. Nxh5 Nh6 29. Nxg7 Qxg7 30. Rxd6 exd6 31. f6 Qf8 32. Bd5 Bf5 33. f7
Qg7 34. g4 Bxg4 35. f8=Q+ Qxf8 36. Rxf8+ Kg7 37. Qf2 1-0

[Event "FIDE Women World Blitz 2021"]
[Site "Warsaw"]
[Date "2021.12.30"]
[Round "16.37"]
[White "Smirnova, Ekaterina"]
[Black "Rakhmangulova, Anastasiya"]
[Result "0-1"]
[WhiteElo "2196"]
[BlackElo "2174"]
[Annotator "NA"]
[PlyCount "62"]
[EventDate "2021.12.29"]
[EventType "swiss"]
[EventCountry "POL"]
[Tiebreak "Cut1 Buchholz"]
[SourceTitle "playchess.com"]
[Source "ChessBase"]
[SourceQuality "1"]

1. d4 Nf6 2. c4 c5 3. d5 e6 4. Nc3 d6 5. e4 g6 6. g3 Bg7 7. Bg2 O-O 8. Nge2 Na6
9. O-O Nc7 10. a4 exd5 11. cxd5 Re8 12. Qc2 b6 13. Bg5 h6 14. Bf4 a6 15. Rfe1
Rb8 16. h3 b5 17. axb5 axb5 18. Ra7 b4 19. Nb1 Nb5 20. Ra1 Nd7 21. Nd2 Nb6 22.
Ra2 Bd7 23. Nc4 Nxc4 24. Qxc4 Qc8 25. Rea1 Bxh3 26. Ra6 Bxg2 27. Kxg2 Bxb2 28.
R1a2 Be5 29. Bxh6 Na3 30. Qc1 Qxa6 31. Qg5 b3 0-1

[Event "FIDE Women World Blitz 2021"]
[Site "Warsaw"]
[Date "2021.12.30"]
[Round "16.38"]
[White "Zawadzka, Jolanta"]
[Black "Nurgali, Nazerke"]
[Result "1-0"]
[WhiteElo "2429"]
[BlackElo "2267"]
[Annotator "NA"]
[PlyCount "57"]
[EventDate "2021.12.29"]
[EventType "swiss"]
[EventCountry "POL"]
[Tiebreak "Cut1 Buchholz"]
[SourceTitle "playchess.com"]
[Source "ChessBase"]
[SourceQuality "1"]

1. e4 c6 2. d4 d5 3. Nd2 dxe4 4. Nxe4 Nf6 5. Nxf6+ exf6 6. c3 Bd6 7. Bd3 Na6 8.
Qc2 Nc7 9. Be3 h5 10. O-O-O Kf8 11. Kb1 b5 12. Nf3 a5 13. Rhe1 a4 14. d5 Nxd5
15. Be4 Be6 16. Nd4 Qd7 17. Nxb5 cxb5 18. Bxd5 Bxd5 19. Rxd5 Qc7 20. Qf5 Be5
21. f4 g6 22. Qe4 Bxc3 23. bxc3 Qxc3 24. Bd4 Qb4+ 25. Ka1 Qa5 26. Rd7 Kg7 27.
Bxf6+ Kg8 28. Qe7 Rh7 29. Qe8+ 1-0

[Event "FIDE Women World Blitz 2021"]
[Site "Warsaw"]
[Date "2021.12.30"]
[Round "16.39"]
[White "Doluhanova, Evgeniya"]
[Black "Kubicka, Anna"]
[Result "0-1"]
[WhiteElo "2237"]
[BlackElo "2273"]
[Annotator "NA"]
[PlyCount "78"]
[EventDate "2021.12.29"]
[EventType "swiss"]
[EventCountry "POL"]
[Tiebreak "Cut1 Buchholz"]
[SourceTitle "playchess.com"]
[Source "ChessBase"]
[SourceQuality "1"]

1. Nf3 d5 2. b3 c5 3. e3 Nc6 4. Bb2 Nf6 5. Bb5 Bg4 6. h3 Bxf3 7. Qxf3 e6 8. O-O
Bd6 9. d3 a6 10. Bxc6+ bxc6 11. Nd2 O-O 12. e4 Nd7 13. Qe2 Qg5 14. Nf3 Qh5 15.
e5 Be7 16. Rfe1 Rae8 17. Qd2 f5 18. exf6 Bxf6 19. Bxf6 Rxf6 20. Nh2 Rg6 21. Qe3
Rf8 22. Ng4 Qf5 23. c4 h5 24. Nh2 d4 25. Qe4 Qxf2+ 26. Kh1 Qg3 27. Rf1 Rxf1+
28. Rxf1 Ne5 29. Rg1 Nxd3 30. Rf1 Kh7 31. Kg1 Qe3+ 32. Qxe3 dxe3 33. Rb1 Nf4
34. Re1 Rxg2+ 35. Kh1 Rxa2 36. Nf3 e2 37. Kg1 Nd3 38. Rb1 e5 39. Kh1 e4 0-1

[Event "FIDE Women World Blitz 2021"]
[Site "Warsaw"]
[Date "2021.12.30"]
[Round "17.1"]
[White "Assaubayeva, Bibisara"]
[Black "Dzagnidze, Nana"]
[Result "1/2-1/2"]
[WhiteElo "2400"]
[BlackElo "2524"]
[Annotator "ChessBase"]
[PlyCount "20"]
[EventDate "2021.12.29"]
[EventType "swiss"]
[EventCountry "POL"]
[Tiebreak "Cut1 Buchholz"]
[SourceTitle "playchess.com"]
[Source "ChessBase"]
[SourceQuality "1"]

1. d4 Nf6 2. c4 e6 3. Nf3 d5 4. Nc3 Bb4 5. Qb3 c5 6. dxc5 Nc6 7. Bg5 dxc4 8.
Qxc4 Qa5 9. Bxf6 gxf6 10. Rc1 Qxc5 1/2-1/2

[Event "FIDE Women World Blitz 2021"]
[Site "Warsaw"]
[Date "2021.12.30"]
[Round "17.1"]
[White "Goraj, Barbara"]
[Black "Doluhanova, Evgeniya"]
[Result "1/2-1/2"]
[WhiteElo "1902"]
[BlackElo "2237"]
[Annotator "NA"]
[PlyCount "133"]
[EventDate "2021.12.29"]
[EventType "swiss"]
[EventCountry "POL"]
[Tiebreak "Cut1 Buchholz"]
[SourceTitle "playchess.com"]
[Source "ChessBase"]
[SourceQuality "1"]

1. e4 c5 2. Nf3 d6 3. d4 cxd4 4. Nxd4 Nf6 5. Nc3 a6 6. Be2 e5 7. Nb3 Be7 8. Bg5
Nbd7 9. Qd3 b5 10. O-O Bb7 11. Bxf6 Nxf6 12. Nd5 Nxd5 13. exd5 O-O 14. a4 b4
15. c4 bxc3 16. bxc3 f5 17. c4 e4 18. Qe3 Bf6 19. Rab1 Bc8 20. c5 dxc5 21. Bc4
Be5 22. Qxc5 Bd6 23. Qc6 Ra7 24. Nd4 Rc7 25. Qa8 Rxc4 26. Nc6 Qh4 27. g3 Qg5
28. h4 Qg4 29. Qa7 f4 30. Ne7+ Bxe7 31. Qxe7 fxg3 32. fxg3 Qxg3+ 33. Kh1 Qh3+
34. Kg1 Qg3+ 35. Kh1 Qh3+ 36. Kg1 Qg4+ 37. Kh1 Qh3+ 38. Kg1 Rxf1+ 39. Rxf1 Qg3+
40. Kh1 Qh3+ 41. Kg1 h6 42. d6 Rc2 43. Rf8+ Kh7 44. Qxe4+ Bf5 45. Qxf5+ Qxf5
46. Rxf5 Rd2 47. d7 Rxd7 48. Ra5 Rd6 49. h5 g6 50. hxg6+ Kxg6 51. Kf2 Kf6 52.
Rh5 Ke7 53. Ke3 Kd7 54. Rc5 Rc6 55. Rd5+ Kc7 56. a5 Re6+ 57. Kf3 Kc6 58. Rf5
Rd6 59. Ke3 Rd5 60. Rf6+ Kb5 61. Rxh6 Kxa5 62. Rh4 Kb5 63. Rh2 a5 64. Rd2 Rc5
65. Kd3 Kb4 66. Ra2 Rc2 67. Kxc2 1/2-1/2

[Event "FIDE Women World Blitz 2021"]
[Site "Warsaw"]
[Date "2021.12.30"]
[Round "17.2"]
[White "Shuvalova, Polina"]
[Black "Koneru, Humpy"]
[Result "1-0"]
[WhiteElo "2515"]
[BlackElo "2586"]
[Annotator "ChessBase"]
[PlyCount "75"]
[EventDate "2021.12.29"]
[EventType "swiss"]
[EventCountry "POL"]
[Tiebreak "Cut1 Buchholz"]
[SourceTitle "playchess.com"]
[Source "ChessBase"]
[SourceQuality "1"]

1. e4 e5 2. Nf3 Nc6 3. Bb5 a6 4. Ba4 Bc5 5. c3 Nge7 6. d4 exd4 7. cxd4 Bb4+ 8.
Nc3 d5 9. e5 Bg4 10. Be3 f6 11. a3 Bxc3+ 12. bxc3 fxe5 13. h3 Bxf3 14. Qxf3 b5
15. Bc2 e4 16. Qh5+ g6 17. Qe2 Qd6 18. O-O O-O 19. a4 b4 20. c4 Nf5 21. Rfd1
Nxe3 22. fxe3 Na5 23. cxd5 Qxd5 24. Qg4 Rae8 25. Rf1 b3 26. Rxf8+ Kxf8 27. Rf1+
Kg7 28. Bd1 b2 29. Bc2 Nc4 30. Bb3 Rb8 31. Qf4 Qd6 32. Qf7+ Kh6 33. Qxc4 Qa3
34. Bc2 Qxe3+ 35. Kh2 Qc1 36. Qe2 b1=Q 37. Bxb1 Qg5 38. Bxe4 1-0

[Event "FIDE Women World Blitz 2021"]
[Site "Warsaw"]
[Date "2021.12.30"]
[Round "17.2"]
[White "Nurgali, Nazerke"]
[Black "Zairbek kyzy, Begimai"]
[Result "0-1"]
[WhiteElo "2267"]
[BlackElo "1701"]
[Annotator "NA"]
[PlyCount "110"]
[EventDate "2021.12.29"]
[EventType "swiss"]
[EventCountry "POL"]
[Tiebreak "Cut1 Buchholz"]
[SourceTitle "playchess.com"]
[Source "ChessBase"]
[SourceQuality "1"]

1. d4 d5 2. Nf3 Nf6 3. c4 e6 4. Nc3 Be7 5. Bg5 O-O 6. e3 c6 7. Bd3 Nbd7 8. O-O
Re8 9. Rc1 Nf8 10. c5 N6d7 11. Bf4 Ng6 12. Bg3 Bf6 13. e4 dxe4 14. Nxe4 e5 15.
Nd6 Re7 16. Bxg6 hxg6 17. dxe5 Nxe5 18. Nxe5 Bxe5 19. Bxe5 Rxe5 20. Qb3 Qe7 21.
Rfd1 Rb8 22. Nxc8 Rxc8 23. Qc3 Re8 24. h3 Qe6 25. a3 Qf5 26. b4 Re2 27. Qg3 g5
28. Rd6 Ra2 29. Rf1 Ree2 30. Rd8+ Kh7 31. h4 g4 32. Rd6 f6 33. Rd4 Re4 34. Qd3
Rae2 35. Rxe4 Qxe4 36. Qg3 f5 37. h5 Qe5 38. Qh4 Qf6 39. Qg3 b6 40. Qf4 Re4 41.
Qd2 bxc5 42. bxc5 Qd4 43. Qg5 Qf6 44. Qd2 Re5 45. Rc1 Rd5 46. Qe3 f4 47. Qe4+
Qf5 48. Qe7 Qxh5 49. Rb1 Qe5 50. Qh4+ Qh5 51. Qe7 g3 52. f3 Qh2+ 53. Kf1 Qh1+
54. Ke2 Qxg2+ 55. Ke1 Qf2# 0-1

[Event "FIDE Women World Blitz 2021"]
[Site "Warsaw"]
[Date "2021.12.30"]
[Round "17.3"]
[White "Kosteniuk, Alexandra"]
[Black "Lagno, Kateryna"]
[Result "1-0"]
[WhiteElo "2518"]
[BlackElo "2550"]
[Annotator "ChessBase"]
[PlyCount "77"]
[EventDate "2021.12.29"]
[EventType "swiss"]
[EventCountry "POL"]
[Tiebreak "Cut1 Buchholz"]
[SourceTitle "playchess.com"]
[Source "ChessBase"]
[SourceQuality "1"]

1. e4 e5 2. Nf3 Nc6 3. Bb5 Nf6 4. O-O Nxe4 5. d4 Nd6 6. dxe5 Nxb5 7. a4 Nbd4 8.
Nxd4 d5 9. Nxc6 bxc6 10. Nd2 Be7 11. f4 f6 12. exf6 Bxf6 13. Re1+ Kf7 14. Nf3
Re8 15. Ne5+ Bxe5 16. fxe5 Kg8 17. Ra3 Bf5 18. Rg3 Qe7 19. c3 Bg6 20. Qd4 Qe6
21. Qg4 Qxg4 22. Rxg4 Be4 23. Bf4 a5 24. Rg3 Rab8 25. Re2 Rf8 26. Bh6 Rf7 27.
Rf2 Rxf2 28. Rxg7+ Kh8 29. Kxf2 Rg8 30. Rxc7 Rxg2+ 31. Ke3 Bf5 32. Rf7 Be6 33.
Rf6 Rg6 34. Kd4 Rxf6 35. exf6 Kg8 36. Kc5 Bd7 37. Kd6 Be8 38. Ke7 Bh5 39. Be3
1-0

[Event "FIDE Women World Blitz 2021"]
[Site "Warsaw"]
[Date "2021.12.30"]
[Round "17.3"]
[White "Kazarian, Anna-Maja"]
[Black "Parol, Pola"]
[Result "1-0"]
[WhiteElo "2138"]
[BlackElo "1823"]
[Annotator "NA"]
[PlyCount "63"]
[EventDate "2021.12.29"]
[EventType "swiss"]
[EventCountry "POL"]
[Tiebreak "Cut1 Buchholz"]
[SourceTitle "playchess.com"]
[Source "ChessBase"]
[SourceQuality "1"]

1. e4 c5 2. Nf3 d6 3. d4 cxd4 4. Nxd4 Nf6 5. Nc3 a6 6. Be3 e5 7. Nb3 Be6 8. Qd2
Be7 9. O-O-O Ng4 10. g3 Nxe3 11. Qxe3 O-O 12. f4 b5 13. Kb1 Nd7 14. f5 Bc4 15.
h4 a5 16. Nxb5 Bxf1 17. Rhxf1 a4 18. Nc1 Nc5 19. Nd3 Qb6 20. Nc3 Rfb8 21. Nd5
Qb7 22. Rd2 Bd8 23. f6 Ra5 24. c4 Nxd3 25. Qxd3 Rc5 26. Rc2 Qd7 27. Qd2 Kh8 28.
fxg7+ Kxg7 29. h5 Kh8 30. h6 Ba5 31. Qg5 Rg8 32. Qf6+ 1-0

[Event "FIDE Women World Blitz 2021"]
[Site "Warsaw"]
[Date "2021.12.30"]
[Round "17.4"]
[White "Gunina, Valentina"]
[Black "Mamedjarova, Zeinab"]
[Result "1-0"]
[WhiteElo "2480"]
[BlackElo "2249"]
[Annotator "ChessBase"]
[PlyCount "123"]
[EventDate "2021.12.29"]
[EventType "swiss"]
[EventCountry "POL"]
[Tiebreak "Cut1 Buchholz"]
[SourceTitle "playchess.com"]
[Source "ChessBase"]
[SourceQuality "1"]

1. d4 Nf6 2. c4 e6 3. Nf3 b6 4. g3 Bb7 5. Bg2 Be7 6. O-O O-O 7. Nc3 d5 8. cxd5
Nxd5 9. Nxd5 Bxd5 10. Bf4 c5 11. dxc5 Bxc5 12. Qc2 h6 13. Rad1 Qc8 14. Qd2 Kh7
15. e4 Bb7 16. b4 Be7 17. Rc1 Qd8 18. Rc7 Ba6 19. Rd1 Qxd2 20. Bxd2 Bd6 21.
Rcc1 Be2 22. e5 Bxd1 23. exd6 Nd7 24. Rxd1 Rac8 25. Nd4 Rc4 26. Nb5 a6 27. Na3
Rd4 28. Nc2 Rc4 29. Ne3 Rd4 30. Nc2 Rxd6 31. Bf3 Rc8 32. Be3 Rxd1+ 33. Bxd1 b5
34. Nd4 Rc4 35. a3 Nf6 36. Nb3 Nd5 37. Bd2 Nc3 38. Bc2+ f5 39. Bd3 Rc8 40. Nc5
Nd5 41. Nxe6 g6 42. Nc5 Rd8 43. Bc1 Nc7 44. Kf1 Ne6 45. Bc2 Nd4 46. Bd1 Rd6 47.
Bf4 Rd8 48. Be3 Nc6 49. Be2 Kg7 50. Nxa6 Ne5 51. Bxb5 g5 52. Nc5 Rd1+ 53. Ke2
Rd8 54. Bd4 Rxd4 55. Ne6+ Kf6 56. Nxd4 Ng4 57. h3 Ne5 58. a4 f4 59. gxf4 gxf4
60. a5 Nf7 61. a6 Nd6 62. a7 1-0

[Event "FIDE Women World Blitz 2021"]
[Site "Warsaw"]
[Date "2021.12.30"]
[Round "17.4"]
[White "Wikar, Martyna"]
[Black "Smirnova, Ekaterina"]
[Result "1-0"]
[WhiteElo "1899"]
[BlackElo "2196"]
[Annotator "NA"]
[PlyCount "79"]
[EventDate "2021.12.29"]
[EventType "swiss"]
[EventCountry "POL"]
[Tiebreak "Cut1 Buchholz"]
[SourceTitle "playchess.com"]
[Source "ChessBase"]
[SourceQuality "1"]

1. e4 e6 2. d4 d5 3. Nc3 Bb4 4. e5 c5 5. a3 Bxc3+ 6. bxc3 Qc7 7. Qg4 f6 8. Bf4
Qf7 9. Nf3 c4 10. Be2 Nc6 11. Qg3 Nge7 12. exf6 gxf6 13. Nh4 Rg8 14. Qe3 Bd7
15. Rb1 O-O-O 16. O-O Ng6 17. Nxg6 hxg6 18. Bg3 g5 19. f4 g4 20. f5 e5 21. dxe5
fxe5 22. Qc5 b6 23. Rxb6 axb6 24. Qxb6 Be8 25. Rb1 Qc7 26. Qa6+ Kd7 27. Rb7 Rc8
28. f6 Bf7 29. a4 Ra8 30. Qb6 Rac8 31. a5 Qxb7 32. Qxb7+ Rc7 33. Qb5 Ra8 34. a6
Raa7 35. Bxg4+ Ke8 36. Bf2 Ra8 37. Bb6 Rcc8 38. Bxc8 Rxc8 39. a7 Be6 40. a8=Q
1-0

[Event "FIDE Women World Blitz 2021"]
[Site "Warsaw"]
[Date "2021.12.30"]
[Round "17.5"]
[White "Stefanova, Antoaneta"]
[Black "Goryachkina, Aleksandra"]
[Result "1/2-1/2"]
[WhiteElo "2475"]
[BlackElo "2604"]
[Annotator "ChessBase"]
[PlyCount "144"]
[EventDate "2021.12.29"]
[EventType "swiss"]
[EventCountry "POL"]
[Tiebreak "Cut1 Buchholz"]
[SourceTitle "playchess.com"]
[Source "ChessBase"]
[SourceQuality "1"]

1. d4 d5 2. c4 c6 3. cxd5 cxd5 4. Bf4 Nc6 5. Nc3 Nf6 6. e3 Bf5 7. Qb3 Na5 8.
Bb5+ Bd7 9. Qa4 e6 10. Bxd7+ Nxd7 11. Nb5 Rc8 12. Nd6+ Bxd6 13. Bxd6 Nc4 14.
Ba3 Nxa3 15. Qxa3 Qe7 16. Qb3 O-O 17. Nf3 Rc7 18. O-O Rfc8 19. h3 h6 20. Rfe1
Qd6 21. g3 Qb6 22. Qxb6 Nxb6 23. Ne5 Rc2 24. Nd3 Rd2 25. Red1 Rcc2 26. Kf1 Na4
27. b3 Nc3 28. Rxd2 Rxd2 29. Ne5 Ne4 30. Rc1 Rxf2+ 31. Kg1 Rxa2 32. Rc8+ Kh7
33. Nxf7 Nxg3 34. Rc7 Nf5 35. Rxb7 Nxe3 36. Nd8 Nf5 37. Nxe6 Re2 38. Nf4 Re4
39. Nxd5 Rxd4 40. Nf6+ Kg6 41. Ng4 h5 42. Ne5+ Kf6 43. Nc6 Rd3 44. Kg2 Nh4+ 45.
Kh2 g5 46. Nxa7 Nf3+ 47. Kg2 Nh4+ 48. Kh2 Rd2+ 49. Kg1 Nf3+ 50. Kf1 Rh2 51. b4
Rxh3 52. b5 g4 53. b6 Rh1+ 54. Kf2 Rb1 55. Nc8 h4 56. Rh7 Rb2+ 57. Ke3 h3 58.
b7 h2 59. Nd6 Rb3+ 60. Kf4 Ke6 61. Ne4 Kd5 62. Nf6+ Kc4 63. Nxg4 Rxb7 64. Rh3
Rf7+ 65. Ke3 Ng5 66. Rxh2 Re7+ 67. Kf4 Ne6+ 68. Kf5 Nd4+ 69. Kf6 Re6+ 70. Kf7
Re4 71. Nf6 Re2 72. Rxe2 Nxe2 1/2-1/2

[Event "FIDE Women World Blitz 2021"]
[Site "Warsaw"]
[Date "2021.12.30"]
[Round "17.5"]
[White "Rudzinska, Michalina"]
[Black "Nur-Mukhametova, Alisa"]
[Result "1-0"]
[WhiteElo "1832"]
[BlackElo "2225"]
[Annotator "NA"]
[PlyCount "104"]
[EventDate "2021.12.29"]
[EventType "swiss"]
[EventCountry "POL"]
[Tiebreak "Cut1 Buchholz"]
[SourceTitle "playchess.com"]
[Source "ChessBase"]
[SourceQuality "1"]

1. e4 c5 2. Nf3 e6 3. d4 cxd4 4. Nxd4 Nf6 5. Bd3 Nc6 6. Nxc6 dxc6 7. O-O e5 8.
Nd2 Bc5 9. Nc4 Qc7 10. Bg5 Be7 11. a4 Be6 12. Qe2 O-O 13. Ne3 Rfe8 14. Nf5 Bxf5
15. exf5 Nd5 16. Bxe7 Qxe7 17. g3 e4 18. Bc4 Qg5 19. Rad1 Nf6 20. f3 Qxf5 21.
Bb3 exf3 22. Qxf3 Qxf3 23. Rxf3 Rad8 24. Rxd8 Rxd8 25. g4 h6 26. h4 Rd4 27. g5
hxg5 28. hxg5 Rg4+ 29. Kf1 Rxg5 30. Rd3 Re5 31. a5 Re8 32. Kg2 g6 33. Bc4 Kg7
34. Rb3 Re7 35. a6 b6 36. Rf3 Ne4 37. Bd3 Nc5 38. Bf1 f5 39. Rc3 Re6 40. b4 Ne4
41. Rh3 Rd6 42. Bd3 Nf6 43. Re3 Nd5 44. Re8 Nxb4 45. Re7+ Kf6 46. Rxa7 Nxd3 47.
cxd3 Rxd3 48. Rc7 Ra3 49. Rxc6+ Kg5 50. Rxb6 Ra2+ 51. Kf3 Ra3+ 52. Kf2 Kh5 1-0

[Event "FIDE Women World Blitz 2021"]
[Site "Warsaw"]
[Date "2021.12.30"]
[Round "17.6"]
[White "Girya, Olga"]
[Black "Vaishali R"]
[Result "1-0"]
[WhiteElo "2402"]
[BlackElo "2405"]
[Annotator "NA"]
[PlyCount "143"]
[EventDate "2021.12.29"]
[EventType "swiss"]
[EventCountry "POL"]
[Tiebreak "Cut1 Buchholz"]
[SourceTitle "playchess.com"]
[Source "ChessBase"]
[SourceQuality "1"]

1. d4 Nf6 2. c4 g6 3. Nc3 d5 4. cxd5 Nxd5 5. e4 Nxc3 6. bxc3 Bg7 7. Nf3 c5 8.
Bb5+ Nc6 9. O-O O-O 10. Be3 Bg4 11. Bxc6 bxc6 12. Rc1 Qa5 13. Qc2 Bxf3 14. gxf3
f5 15. e5 f4 16. Bd2 Rad8 17. Rfd1 c4 18. Qe4 Qd5 19. Rb1 c5 20. Be1 e6 21. Kg2
g5 22. h3 cxd4 23. Rxd4 Qxe5 24. Qxe5 Bxe5 25. Rxc4 Kf7 26. Rb7+ Kf6 27. Rxa7
Rd1 28. Re4 Rb8 29. Ra5 Bd6 30. Ra6 Rbb1 31. c4 Kf7 32. c5 Bxc5 33. Raxe6 Rb2
34. a4 Ra2 35. R6e5 Bd4 36. Rxg5 Bxf2 37. Bxf2 Rdd2 38. Rxf4+ Ke6 39. Re4+ Kf6
40. Rh5 Rxf2+ 41. Kg3 Kg6 42. Rhh4 h5 43. Rhf4 Rg2+ 44. Kh4 Rg1 45. Re6+ Kg7
46. Re5 Rg6 47. Rg5 Kh6 48. Rxh5+ Kg7 49. Rg5 Kh6 50. Rxg6+ Kxg6 51. Rb4 Kf5
52. Kg3 Ra3 53. Rb5+ Kg6 54. a5 Ra4 55. f4 Kh6 56. Kg4 Kg6 57. Rb6+ Kh7 58. a6
Ra1 59. Kf5 Ra5+ 60. Kf6 Kh6 61. f5 Kh5 62. Rc6 Ra3 63. Ke7 Re3+ 64. Re6 Rf3
65. f6 Kg6 66. h4 Kh7 67. h5 Rf5 68. f7 Kg7 69. h6+ Kh7 70. a7 Ra5 71. f8=Q
Rxa7+ 72. Kf6 1-0

[Event "FIDE Women World Blitz 2021"]
[Site "Warsaw"]
[Date "2021.12.30"]
[Round "17.6"]
[White "Gil Quilez, Sonia"]
[Black "Movsesian, Julia"]
[Result "1-0"]
[WhiteElo "2122"]
[BlackElo "2322"]
[Annotator "NA"]
[PlyCount "57"]
[EventDate "2021.12.29"]
[EventType "swiss"]
[EventCountry "POL"]
[Tiebreak "Cut1 Buchholz"]
[SourceTitle "playchess.com"]
[Source "ChessBase"]
[SourceQuality "1"]

1. d4 d5 2. c4 e6 3. Nc3 c6 4. e3 f5 5. Nf3 Nf6 6. Bd3 Bd6 7. Ne5 Nbd7 8. f4
O-O 9. O-O Qe7 10. Bd2 dxc4 11. Bxc4 c5 12. dxc5 Bxc5 13. Nd3 b6 14. Nb5 Ne8
15. Qb3 Ndf6 16. Ne5 Bb7 17. Bxe6+ Kh8 18. Nf7+ Rxf7 19. Bxf7 Ne4 20. Bc1 N8f6
21. Qe6 Qd8 22. Qxf5 Qd3 23. Nc7 Bxe3+ 24. Bxe3 Qxe3+ 25. Kh1 Qd2 26. Qh3 Nf2+
27. Rxf2 Qxf2 28. Nxa8 Qxb2 29. Rd1 1-0